01228nam a2200265 a 450000100100000000500170001000800410002702000150006804000250008304100390010808200150014710000290016224000820019124501360027326000380040930000280044753400910047565000510056665000340061770000420065104900090069395201190070295201240082199900170094500002326620240527202356.0101201s1988 mx a 000 0 spa d a9688882739 aDO-SdBNPbspacBNPHU17aspaheng2Código de idiomas MARC a337bB877m1 aBrower, Daniel R.94790110aThe world in the 20 century, the age of global war and revolution.lEspañol13aEl mundo en el siglo xx :bla era de la guerra global y la revolución /cDaniel R. Brower ; traducción Maria del Carmen Flores. aMéxico, D. F. :bPrisma,c1988. a457 p. :bil. ;c20 cm. aTítulo original :tThe world in the 20 century, the age of global war and revolution 0a Relaciones económicas internacionales91067 0aPolítica económica9849311 aFlores, Maria del Carmen,etr.947902 aBNGR 001054708MOaGRbGRcCTd2010-12-01iLF1l0o337 B877mp23266-10r2020-06-25w2020-06-25y4ZPréstamo en sala 001054728MOaGRbGRcCTd2011-02-11iLF1l0o337 B877mp23266-20r2020-06-25te.2w2020-06-25y4ZPréstamo en sala c22763d22763